• 首页
  • 本馆介绍
  • 公告通知
  • 最新文献
  • 馆藏检索
  • 电子资源
  • 读者荐购
  • 参考咨询
  • CALIS
  • 我的图书馆
  • 登录
  • 详细信息显示
  • 放入我的书架
  • 预约/预借图书
  • 作者相关作品
  • 分类相关作品
  • 丛书相关作品
  • 出版社相关作品

书目信息

  • 表格格式
  • 工作单格式
  • 卡片格式
题名:
人类生殖生物学
    
 
作者: 王一飞 主编
分册:  
出版信息: 上海   上海科学技术文献出版社  2005.12
页数: 341页
开本: 20cm
丛书名:
单 册:
中图分类: R339.2
科图分类:
主题词:
电子资源:
ISBN: 7-5439-2669-5
 
 
 
 
 
000 00537nam0 2200181 450
001 0641401120
005 20060525154532.54
010    @a7-5439-2669-5@dCNY 68.00
100    @a20060506d2005 km y0chiy0120 ea
101 0  @achi
102    @aCN@b310000
200 1  @a人类生殖生物学@Aren lei sheng zhi sheng wu xue@f王一飞主编@Fwang yi fei zhu bian
210    @a上海@c上海科学技术文献出版社@d2005.12
215    @a341页@d20cm
690    @aR339.2@v4
701  0 @a王一飞@Awang yi fei@4主编
801  0 @aCN@bPFT@c20060525
905    @a10447@dR339.2@eW421
    
    人类生殖生物学/王一飞主编.-上海:上海科学技术文献出版社,2005.12
    341页;20cm
    
    
    ISBN 7-5439-2669-5:CNY 68.00
    
●
相关链接 在E读中查询图书 在当当中查询图书 在豆瓣中查询图书


正题名:人类生殖生物学     索取号:R339.2/W421         预约/预借

序号 登录号 条形码 馆藏地/架位号 状态 备注
1 604234   206042343   自科库401/401自科库 14排4列1层/ [索取号:R339.2/W421] 在馆    
河南城建学院图书馆 欢迎您!
大连网信软件有限公司© 版权所有